| 000 -LEADER |
| fixed length control field |
00571cam a22001697a 4500 |
| 008 - FIXED-LENGTH DATA ELEMENTS--GENERAL INFORMATION |
| fixed length control field |
180718b1993 xxu||||| |||| 00| 0 eng d |
| 020 ## - INTERNATIONAL STANDARD BOOK NUMBER |
| International Standard Book Number |
1555425933 |
| 082 ## - DEWEY DECIMAL CLASSIFICATION NUMBER |
| Classification number |
I52 D833 |
| 100 ## - MAIN ENTRY--PERSONAL NAME |
| Personal name |
Driver, Michael J. |
| 245 ## - TITLE STATEMENT |
| Title |
Dynamic decision maker: five decision styles for executive and business success |
| Statement of responsibility, etc. |
by Michael J. Driver, Kenneth R. Brousseau, Phillip L. Hunsaker |
| 260 ## - PUBLICATION, DISTRIBUTION, ETC. |
| Place of publication, distribution, etc. |
San Francisco |
| Name of publisher, distributor, etc. |
Jossey-Bass |
| Date of publication, distribution, etc. |
1993 |
| 300 ## - PHYSICAL DESCRIPTION |
| Extent |
267p. |
| 650 ## - SUBJECT ADDED ENTRY--TOPICAL TERM |
| Topical term or geographic name entry element |
Success in business |
| 650 ## - SUBJECT ADDED ENTRY--TOPICAL TERM |
| Topical term or geographic name entry element |
Decision making |
| 700 ## - ADDED ENTRY--PERSONAL NAME |
| Personal name |
Hunsaker, Phillip L. |
| 700 ## - ADDED ENTRY--PERSONAL NAME |
| Personal name |
Brousseau, Kenneth R. |